「京」がつく市区町村名 - Statistics

General Stats
  • This quiz has been taken 48 times
  • The average score is 15 of 16
Answer Stats
都道府県・市名・地方名 市区町村名または県名 % Correct
関東地方 東京都
100%
近畿地方 京都府
100%
京都府 京都市
100%
東京都 西東京市
98%
京都府京都市 左京区
95%
京都府京都市 右京区
95%
京都府 京田辺市
93%
京都府 京丹後市
93%
東京都 文京区
93%
京都府 長岡京市
90%
京都府 京丹波町
90%
京都府京都市 上京区
85%
京都府京都市 下京区
85%
北海道 京極町
85%
京都府京都市 中京区
83%
京都府京都市 西京区
75%
No matching quizzes found
Score Distribution
Percent of People with Each Score
Percentile by Number Answered
Your Score History
You have not taken this quiz